| 000 | 00346nam a2200145Ia 4500 | ||
|---|---|---|---|
| 008 | 230711s9999||||xx |||||||||||||| ||und|| | ||
| 041 | _aENG | ||
| 082 |
_a624 _bKU-L |
||
| 100 | _aKurtz | ||
| 245 | 0 | _aLong range transport of pesticides | |
| 250 | _a1st | ||
| 260 |
_c1990 _aNew York _bLewis Publication |
||
| 650 | _aCivil Engineering | ||
| 942 | _cBK | ||
| 999 |
_c575 _d575 |
||